A magyar irodalom tanításának új tanterve elé
Elmentve itt :
| Szerző: | |
|---|---|
| Adatforrás: | Meister |
| Forrásdokumentuma: | A Hét. - 18 ; 19; 20 ; 21 ; 22 ; 23 ; 24 sz., 1993, 6-7 p. |
| Nyelv: | magyar |
| Kulcsszavak: | pedagógia metodológia hermeneutika irodalomelmélet irodalomoktatás megértés oktatás tanulás tudás befogadás-esztétika irodalmi hermeneutika olvasás irodalom GADAMER Hans-Georg |
| LEADER | 00779nab a2200277 i 4500 | ||
|---|---|---|---|
| 001 | bibPRO00000022 | ||
| 008 | 060524s1993 xx hun | ||
| 040 | |a Sz1 | ||
| 041 | |a hun | ||
| 100 | 1 | |a ORBÁN Gyöngyi ; TULIT Ilona | |
| 245 | 1 | 2 | |a A magyar irodalom tanításának új tanterve elé |c ORBÁN Gyöngyi ; TULIT Ilona |
| 695 | |a pedagógia | ||
| 695 | |a metodológia | ||
| 695 | |a hermeneutika | ||
| 695 | |a irodalomelmélet | ||
| 695 | |a irodalomoktatás | ||
| 695 | |a megértés | ||
| 695 | |a oktatás | ||
| 695 | |a tanulás | ||
| 695 | |a tudás | ||
| 695 | |a befogadás-esztétika | ||
| 695 | |a irodalmi hermeneutika | ||
| 695 | |a olvasás | ||
| 695 | |a irodalom | ||
| 695 | |a GADAMER Hans-Georg | ||
| 773 | 0 | |t A Hét. - |g 18 ; 19; 20 ; 21 ; 22 ; 23 ; 24 sz., 1993, 6-7 p. | |